| 000 | 00656nam a2200193 i 4500 | ||
|---|---|---|---|
| 001 | 111118 | ||
| 003 | ES-MaACL | ||
| 005 | 20251009191830.0 | ||
| 007 | t| | ||
| 008 | 061121s1980 sp r ||||1| spa d | ||
| 100 | 1 |
_aOlaechea, Rafael. _986637 |
|
| 245 | 1 | 3 |
_aEl Cardenal Lorenzana en Italia _b: (1797-1804) / _cRafael Olaechea. |
| 260 |
_aLeón : _bInstitución Fray Bernardino de Sahagún, _c1980. |
||
| 300 |
_aXVII, 395 p., 2 lám. ; _c24 cm. |
||
| 600 | 1 | 7 |
_aLorenzana, Francisco Antonio de, _d1722-1804 _2 _9151831 |
| 710 | 2 |
_aInstitución "Fray Bernardino de Sahagún" _94722 |
|
| 852 |
_aES-MaACL _jL-1595 _bR.102422 |
||
| 999 |
_c111118 _d111118 |
||